Hodnotenie kvality zdravotnej starostlivosti
Prístupy k zaručeniu kvality v Slovenskej republike. Indikátory kvality. Predmet hodnotenia kvality. Definovanie kvality. Zaručenie kvality v medicínskej praxi vo vybraných krajinách. Zdravotníctvo vo Veľkej Británii.
Saved in:
| Main Author: | |
|---|---|
| Format: | Book Chapter |
| Language: | Slovak |
| Subjects: | |
| Tags: |
No Tags, Be the first to tag this record!
|
MARC
| LEADER | 00000naa$a2200000$$$4500 | ||
|---|---|---|---|
| 001 | 0093730 | ||
| 005 | 20240502072038.6 | ||
| 041 | 0 | |a slo | |
| 044 | |a SK | ||
| 245 | 1 | 0 | |a Hodnotenie kvality zdravotnej starostlivosti |c Vojtech Stanek |
| 520 | |a Prístupy k zaručeniu kvality v Slovenskej republike. Indikátory kvality. Predmet hodnotenia kvality. Definovanie kvality. Zaručenie kvality v medicínskej praxi vo vybraných krajinách. Zdravotníctvo vo Veľkej Británii. | ||
| 610 | 2 | 0 | |a zdravotníctvo |
| 610 | 2 | 0 | |a kvalita |
| 610 | 2 | 0 | |a ochrana zdravia |
| 610 | 2 | 0 | |a Slovensko |
| 610 | 2 | 0 | |a Veľká Británia |
| 610 | 2 | 0 | |a starostlivosť zdravotná |
| 610 | 2 | 0 | |a reformy sociálne |
| 100 | 1 | |a Stanek, Vojtech | |